000 00578nam a2200193Ia 4500
005 20250508163419.0
008 008 250505s9999 xx 000 0 eng d
037 _aDissertations
040 _aFEDL
_beng
_cFEDL
041 _aeng
_2eng
084 _a370.15, CHA/DI
_qFEDL
100 _aChander Prabha
245 0 _aComparative study of inductive and deductive approaches teaching management concepts
260 _c1989
300 _a78p.
546 _aM.Ed. Dissertation (Delhi University)
942 _cDIS
_h370.15, CHA/DI
999 _c1382967
_d1382967